| 000 | 00859nam a2200277 4500 | ||
|---|---|---|---|
| 003 | OSt | ||
| 005 | 20260601193857.0 | ||
| 008 | 260508b 2003mx a|||| |||| 00| 0 spa d | ||
| 020 | _a9707181311 | ||
| 040 |
_aICI _bspa _cICI |
||
| 041 | _aspa | ||
| 050 |
_aTR670 _bM38 |
||
| 100 | 1 |
_aCube Book by Various Authors & Photographers _933166 |
|
| 245 | 1 |
_aEl mar / _cTextos de Gaetano Cafiero...[y otro más] ; traducción de J.M. Castillo |
|
| 264 |
_aMéxico : _bNumen Small Books _c2004 |
||
| 300 | _a734 páginas | ||
| 336 |
_atexto _2rdacontent |
||
| 337 |
_asin medio _2rdamedia |
||
| 338 |
_avolumen _2rdacarrier |
||
| 650 |
_aMares _xFotografías _933167 |
||
| 650 |
_aOcéanos _xFotografías _933168 |
||
| 650 | _2Fotografía marina | ||
| 700 | 1 |
_aCafiero, Gaetano, _eautor _933169 |
|
| 700 | 1 |
_aCastillo, J.M., _etraductor _933170 |
|
| 942 |
_2lcc _cB _n1 |
||
| 999 |
_c22076 _d22076 |
||